LEADER 01047nam0 22002651i 450 001 UON00415993 005 20231205104800.863 100 $a20130110d1967 |0itac50 ba 101 $aeng 102 $aGB 105 $a|||| 1|||| 200 1 $aImages & themes in five poems by Milton$fRosemond Tuve 210 $aCambridge$cHarvard University$d1967 215 $a161 p.$d22 cm. 606 $aMILTON JOHN$3UONC039930$2FI 620 $dCambridge$3UONL000022 676 $a820.09$cLetteratura inglese e in antico inglese. Storia, descrizione, studi critici$v21 700 1$aTUVE$bRosemond$3UONV171871$0132521 712 $aHarvard University Press$3UONV245793$4650 801 $aIT$bSOL$c20250620$gRICA 899 $aSIBA - SISTEMA BIBLIOTECARIO DI ATENEO$2UONSI 912 $aUON00415993 950 $aSIBA - SISTEMA BIBLIOTECARIO DI ATENEO$dSI Angl III B 0155 $eSI SI 4859 5 0155 $sBuono 996 $aImages & themes in five poems by Milton$9166023 997 $aUNIOR LEADER 01168nam0 22002531i 450 001 UON00413234 005 20231205104749.659 100 $a20121113d1973 |0itac50 ba 101 $ager 102 $aDE 105 $a|||| ||||| 200 1 $a"Himmlische Libes-Küsse" (1671)$eUntersuchungen zu Sprache und Bildlichkeit im Jugendwerk Quirin Kuhlmanns$fvorgelegt von Birgit Biehl-Werner 210 $aHamburg$cUniversität Hamburg$d1973 215 $a278 p.$d21 cm. Dissertation zur Erlangung Würde des Doktors der Philosophie der Universität Hamburg. 606 $aLetteratura tedesca$xSec. 17.-18.$3UONC046406$2FI 620 $aDE$dHamburg$3UONL003222 676 $a830.09$cLetteratura tedesca. Storia, descrizione, studi critici$v21 700 1$aBIEHL-WERNER$bBirgit$3UONV211104$0709294 801 $aIT$bSOL$c20251003$gRICA 899 $aSIBA - SISTEMA BIBLIOTECARIO DI ATENEO$2UONSI 912 $aUON00413234 950 $aSIBA - SISTEMA BIBLIOTECARIO DI ATENEO$dSI TED 20 II KUH - BIE $eSI ST 8578 6 $sBuono 996 $a"Himmlische Libes-Küsse" (1671$91342710 997 $aUNIOR